Designing with Creo Parametric 1.0

This textbook is intended as a classroom text or a self-paced tutorial for the person who wants to learn Creo Parametric 1.0, formerly known as ProEngineer Wildfire and Mechanica. This textbook discusses design intent while you are learning, and at the same time, it shows how knowledge covered in so...

Fuld beskrivelse

Đã lưu trong:
Bibliografiske detaljer
Hovedforfatter: Rider, Michael J
Format: Bog
Sprog:Undetermined
Udgivet: New York Mc Graw Hill 2013
Fag:
Tags: Tilføj Tag
Ingen Tags, Vær først til at tagge denne postø!
Thư viện lưu trữ: Trung tâm Học liệu Trường Đại học Cần Thơ
LEADER 01196nam a2200205Ia 4500
001 CTU_210032
008 210402s9999 xx 000 0 und d
020 |c 87.4 
082 |a 620.00420285 
082 |b R544 
100 |a Rider, Michael J 
245 0 |a Designing with Creo Parametric 1.0 
245 0 |c Michael J. Rider 
260 |a New York 
260 |b Mc Graw Hill 
260 |c 2013 
520 |a This textbook is intended as a classroom text or a self-paced tutorial for the person who wants to learn Creo Parametric 1.0, formerly known as ProEngineer Wildfire and Mechanica. This textbook discusses design intent while you are learning, and at the same time, it shows how knowledge covered in some basic engineering courses such as: statics, dynamics, strength of materials, and design of mechanical components can be applied to design. You do not need an engineering degree nor be working toward a degree in engineering to use this textbook. 
650 |a Computer aided desing,Three-dimensional imaging,Máy tính hỗ trợ thiết kế,Hình ảnh ba chiều 
904 |i Lê Thị Mỹ Linh (Tuyến) 
980 |a Trung tâm Học liệu Trường Đại học Cần Thơ